000 04105namaa22004211i 4500
003 OSt
005 20260211134430.0
008 250827s2025 ua a|||frm||| 000 0 eng d
040 _aEG-GICUC
_bara
_cEG-GICUC
_dEG-GICUC
_erda
041 0 _aara
_bara
_beng
049 _aإيداع
082 0 4 _a302.231
092 _a302.231
_221
097 _aدكتوراه‎
099 _aCai01.15.01.M.Sc.2025.هب.د
100 0 _a،هبة محمود فتوح محمود
_eإعداد.
245 1 0 _aدوافع استخدام الشباب الجامعي لمواقع التواصل الاجتماعي وتأثيراتها بالتطبيق على Tik Tok وInstagram /
_cإعداد هبة محمود فتوح محمود؛ إشراف أ. د/ عادل فهمي البيومي
246 1 5 _aMotivations for university youth’s use of social networking sites and their effects by applying on tik tok and instagram /
264 0 _c2025.
300 _a247صفحة :
_bإيضاحيات ؛
_c30 سم +
_eCD.
336 _atext
_2rda content
337 _aUnmediated
_2rdamedia
338 _avolume
_2rdacarrier
502 _aأطروحة (دكتوراه)-جامعة القاهرة، 2025.
504 _aببليوجرافيا: صفحات 194-212.
520 _aتتمثل مشكلة الدراسة الحالية: " في معرفة دوافع استخدام الشباب الجامعي لمواقع التواصل على شبكة الإنترنت. الاجتماعي وتأثيراتها بالتطبق على Tik Tok و Instagram. - استخدمت هذه الدراسة: منهج المسح ، متمثل في (المسح الميداني) على الشباب الجامعي من خلال استمارة الاستبيان (صحيفة استقصاء) على عينة ميدانية قوامها (400) مفرده من طلاب جامعة القاهرة. واعتمدت الدراسة الحالية على نظرية الاستخدامات والتأثيرات، التي تعتبر إطاراً مثالياً لاختبار فروضها العلمية.هدفت الدراسة الحالية: في التعرف على أنماط استخدام الشباب الجامعي مواقع التواصل الاجتماعي التيك توك الانستجرام، و رصد مدى ارتباط الشباب بمواقع التواصل الاجتماعي التيك توك والانستجرام وتأثير ذلك على بعض الخصائص النفسية والسلوكية لدى الشباب الجامعي
520 _aThe problem of the current study is: "To know the motives for university youth to use social networking sites on the Internet. Tik ToK and Instagram and their effects. This study used: The survey method, represented in (field survey) on university youth through a questionnaire form (investigation sheet) on a field sample of (400) individuals from Cairo University students. The current study relied on the theory of uses and effects, which is considered an ideal framework for testing its scientific hypotheses..The current study aimed: To identify the patterns of university youth's use of social networking sites Tik Tok and Instagram, and to monitor the extent of youth's connection to social networking sites Tik Tok and Instagram and the impact of this on some psychological and behavioral characteristics among university youth.
530 _aصدر أيضًا كقرص مدمج.
546 _aالنص بالعربية والملخص باللغة الإنجليزية والعربية.
650 7 _aالانترنت
_2qrmak
650 4 _aمواقع التواصل الاجتماعي
653 0 _aالشباب الجامعي
_aمواقع التواصل الاجتماعي
700 0 _aعادل فهمي البيومي
_eمشرف أطروحة.
900 _b02-01-2025
_cعادل فهمي البيومي
_dعبد الوهاب جودة
_dنشوى عقل
_Uجامعة القاهرة
_Fكلية الإعلام
_Dقسم الإذاعة والتليفزيون
905 _aSara
_eAfaf
942 _2ddc
_cTH
_e21
_n0
999 _c177283